Cyclisme : WT & ProSeries 2023 Version HARD - Statistiques

Statistiques générales
  • Ce quiz a été pris 100 fois
  • Le résultat moyen est 110 sur 201
Statistiques - réponses
COURSE COUREURS % Correct
Amstel Gold Race - 1er | Classement des jeunes | Classement par points | +9 others Tadej POGACAR
100%
E3 Saxo Classic - 2ème | Milano-Sanremo - 1er | Paris - Roubaix - 1er | Ronde van Vlaanderen - Tour des Flandres- 2ème Mathieu VAN DER POEL
99%
E3 Saxo Classic - 1er | Milano-Sanremo - 3ème | Paris - Roubaix - 3ème Wout VAN AERT
99%
Gent-Wevelgem in Flanders Fields - 2ème Wout Van AERT
99%
Classement Général - 3ème | Classement par points | Itzulia Basque Country - Classement Général | +3 others Jonas VINGEGAARD
97%
Classic Brugge-De Panne - 1er | Paris - Roubaix - 2ème | Scheldeprijs - 1er | +2 others Jasper PHILIPSEN
92%
Classement de la montagne | Classement par points | Tirreno - Adriatico - Classement Général | +5 others Primoz ROGLIC
92%
Classement Général - 2ème | Classement de la montagne | Classement des jeunes | +3 others Remco EVENEPOEL
91%
Classement Général - 2ème | Faun-Ardèche Classic - 2ème David GAUDU
88%
Classement Général - 3ème | Étape 7 Adam YATES
83%
Classement Général - 2ème | Étape 5 Simon YATES
83%
Amstel Gold Race - 3ème | Strade Bianche - 1er | Étape 4 Tom PIDCOCK
81%
Dwars door Vlaanderen - A travers la Flandre - 1er | Gent-Wevelgem in Flanders Fields - 1er | Omloop Het Nieuwsblad - 3ème Christophe LAPORTE
80%
Classement Général - 2ème | Milano-Sanremo - 2ème | Étape 1 - ITT Filippo GANNA
80%
Faun-Ardèche Classic - 1er Julian ALAPHILIPPE
79%
Classement de la montagne Gotzon MARTIN
76%
Ronde van Vlaanderen - Tour des Flandres- 3ème | Étape 2 Mads PEDERSEN
75%
Classement par points | Danilith Nokere Koerse - 1er | Étape 1 | Étape 6 Tim MERLIER
72%
Amstel Gold Race - 2ème | De Brabantse Pijl - La Flèche Brabançonne - 2ème | GP Industria & Artigianato - 1er Ben HEALY
71%
Strade Bianche - 2ème Valentin MADOUAS
65%
Volta ao Algarve em Bicicleta - Classement Général Daniel Felipe MARTINEZ
64%
De Brabantse Pijl - La Flèche Brabançonne - 1er Dorian GODON
63%
Omloop Het Nieuwsblad - 1er Dylan VAN BAARLE
63%
Santos Tour Down Under - Classement Général Jay VINE
63%
Kuurne - Bruxelles - Kuurne - 1er | Strade Bianche - 3ème Tiesj BENOOT
61%
Étape 2 Fabio JAKOBSEN
60%
Étape 5 ITT Stefan KUNG
60%
De Brabantse Pijl - La Flèche Brabançonne - 3ème Benoit COSNEFROY
59%
Classement Général - 2ème | Classement Général - 3ème | Classement des jeunes Joao ALMEIDA
56%
Clasica de Almeria - 2ème | Omloop Het Nieuwsblad - 2ème Arnaud DE LIE
53%
Classement Général - 2ème Mikel LANDA
53%
Étape 4 Bryan COQUARD
51%
Étape 1 Biniam GIRMAY
48%
Étape 2 Giulio CICCONE
47%
Classement Général - 2ème | Classement par points | Étape 2 Guilio CICCONE
47%
Scheldeprijs - 3ème Mark CAVENDISH
47%
Classement des jeunes | Classement par points | Tour of Oman - Classement Général | Étape 3 Matteo JORGENSON
47%
Étape 5 Dylan GROENEWEGEN
45%
Vuelta a San Juan Internacional - Classement Général | Étape 5 Miguel Angel LOPEZ
45%
Classic Brugge-De Panne - 2ème | Étape 5 Olaf KOOIJ
44%
Étape 3 TTT Jumbo Visma
43%
Classement Général - 3ème | Gran Premio Miguel Indurain - 2ème | Étape 5 Sergio HIGUITA
43%
Étape 2 TTT Soudal Quick Step
43%
Faun Drôme Classic - 1er Anthony PEREZ
41%
Classement Général - 3ème | Étape 3 Pello BILBAO
41%
Étape 4 | Étape 6 Kaden GROVES
40%
Étape 3 Tim WELLENS
40%
Kuurne - Bruxelles - Kuurne- 3ème Matej MOHORIC
39%
Faun-Ardèche Classic - 3ème | Gran Premio Miguel Indurain - 3ème Mattias SKJELMOSE
39%
Étape 1 Ethan HAYTER
37%
Classement Général - 3ème | Gran Premio Miguel Indurain - 1er Ion IZAGIRRE
37%
Classement Général - 3ème | Étape 4 Tao GEOGHEGAN HART
37%
Classic Brugge-De Panne - 3ème Yves LAMPAERT
37%
Kuurne - Bruxelles - Kuurne - 2ème Nathan VAN HOOYDONCK
36%
Dwars door Vlaanderen - A travers la Flandre - 3ème Neilson POWLESS
36%
Faun Drôme Classic - 2ème | Volta a la Comunitat Valenciana - Classement Général | Étape 5 Rui COSTA
36%
Milano - Torino - 2ème | Étape 4 Fernando GAVIRIA
35%
Grand Prix de Denain - Porte du Hainaut - 1er | Étape 4 Juan Sebastian MOLANO
35%
Classement Général - 2ème Luke PLAPP
35%
Cadel Evans Great Ocean Road Race - 1er Marius MAYRHOFER
35%
Classement par points Michael MATTHEWS
35%
Prologue Alberto BETTIOL
32%
Classement de la montagne Kasper ASGREEN
31%
Étape 1 Sam BENNETT
31%
Étape 1 Alexander KRISTOFF
29%
Classement par points | Étape 2 | Étape 3 Magnus CORT
29%
Étape 3 Einer Augusto RUBIO
27%
Étape 2 Jesus HERRADA
27%
Trofeo Laigueglia - 1er Nans PETERS
25%
Bredene Koksijde Classic - 3ème | Scheldeprijs - 2ème | Étape 6 | Étape 7 Sam WELSFORD
25%
Clasica de Almeria - 3ème Jordi MEEUS
23%
Dwars door Vlaanderen - A travers la Flandre - 2ème Oier LAZKANO
23%
Étape 2 Rohan DENNIS
23%
Classement Général - 3ème Santiago BUITRAGO
23%
Classement Général - 3ème Ilan VAN WILDER
21%
Étape 1 Phil BAUHAUS
21%
Classement Général - 2ème | Étape 5 Mauri VANSEVENANT
20%
Classement des jeunes Brandon MCNULTY
19%
Étape 4 Diego ULISSI
19%
Cadel Evans Great Ocean Road Race - 2ème Hugo PAGE
19%
Classement des jeunes Magnus SHEFFIELD
19%
Bredene Koksijde Classic - 2ème Pascal ACKERMANN
17%
Milano - Torino - 1er Arvid DE KLEIJN
16%
Bredene Koksijde Classic - 1er Gerben THIJSSEN
16%
Faun Drôme Classic - 3ème Andrea BAGIOLI
15%
Étape 5 Oman FRAILE
15%
Clasica de Almeria - 1er Matteo MOSCHETTI
13%
Trofeo Laigueglia - 3ème Alessandro COVI
12%
Classement Général - 3ème Geoffrey BOUCHARD
12%
Étape 2 Ide SCHELLING
12%
Classement de la montagne Jonas GREGAARD
11%
Étape 3 Quinn SIMMONS
11%
Étape 3 Simone VELASCO
11%
Danilith Nokere Koerse - 3ème Milan MENTEN
9%
Classement des jeunes Oscar ONLEY
9%
Gent-Wevelgem in Flanders Fields - 3ème Sep VANMARCKE
9%
Classement des jeunes Thomas GLOAG
9%
Trofeo Laigueglia - 2ème Andrea VENDRAME
8%
Danilith Nokere Koerse - 2ème Edward THEUNS
8%
Cadel Evans Great Ocean Road Race - 3ème Simon CLARKE
7%
Milano - Torino - 3ème Casper VAN UDEN
5%
GP Industria & Artigianato - 3ème Mark STEWART
5%
Grand Prix de Denain - Porte du Hainaut - 2ème Tim VAN DIJKE
5%
Classement de la montagne Jon BARRENETXEA
4%
Classement de la montagne Manuele TAROZZI
4%
Classement des jeunes Matthew RICCITELLO
3%
Classement de la montagne Mikkel HONORÉ
3%
Grand Prix de Denain - Porte du Hainaut - 3ème Timo KIELICH
3%
GP Industria & Artigianato - 2ème Amanuel GHEBREIGZABHIER
1%
Classement de la montagne Samuele ZOCCARATO
1%
Aucun quiz correspondant
Distribution des résultats
% des personnes avec chaque résultat
Percentile par nombre de réponses
Votre historique - résultats
Vous n’avez pas pris ce quiz